000 00634nam a2200229Ia 4500
005 20241216010045.0
008 180423s9999||||xx |||||||||||||| ||und||
082 _a370
_bW58
100 _aWILLCOX, ISOBEL
245 0 _a120 ACTIVIDADES PARA EL PERIODO DE TRABAJO INDEPENDIENTE
250 _a0
260 _aMEXICO
_bCENTRO REG.DE AYUDA TECN.
_c1968
300 _a93 pag.
_c18 cm
341 _h0
440 _aMAN.UTEHA BREVE 384
490 _v0
_a0
505 _aACTIVIDADES-ARITMETICA (EDUCACION)/ACTIVIDADES-CAPACITACION
541 _aC
_d13-Dec-93
650 _aCIENCIAS SOCIALES
856 _zHumanidades
942 _cLIBRO
999 _c4382
_d4382